Football - Culture générale - Statistiques

Statistiques générales
  • Ce quiz a été pris 3 080 fois
    2 685 depuis la dernière actualisation
  • Le résultat moyen est 10 sur 20
Statistiques - réponses
Question Réponse % Correct
Nombre de Coupes du monde remportées par le Brésil 5
99%
Chanteuse de Waka Waka Shakira
88%
Nom de la ligue de plus haut niveau en Angleterre Premier League
83%
Prénom de Mbappé Kylian
77%
Qui est « le roi » du football ? Pelé
77%
Club avec le plus de titres en Ligue des champions Real Madrid
76%
Année de la chanson (réalisée pour la FIFA) 2010
71%
Footballeur avec le plus de sélections internationales en équipe nationale Cristiano Ronaldo
63%
Pays hôte de cette année Afrique du Sud
60%
Sponsor de la saison 2024-25 de la Ligue 1, influençant l'appellation officielle McDonald's
60%
Combien de temps le gardien de but peut-il porter le ballon ? 6 secondes
49%
Pays connu pour être toujours dernier au classement mondial de la FIFA Saint-Marin
45%
Ce joueur antillais a fait ses débuts avec Monaco en 1994 Thierry Henry
36%
Le premier club de football de Messi Newell's Old Boys
25%
Pays d'Amérique centrale de la guerre de Cent Heures, dans lesquels le football a été le catalyseur Honduras
18%
Nombre de faces d'un ballon de football 32
16%
Année de la première Coupe du Monde Féminine de la FIFA 1991
15%
Acronyme de la Confédération sud-américaine de football CONMEBOL
15%
Pays d'Amérique centrale de la guerre de Cent Heures, dans lesquels le football a été le catalyseur Salvador
13%
Ce chanteur britannique était président du Watford FC Elton John
10%
Aucun quiz correspondant
Distribution des résultats
% des personnes avec chaque résultat
Percentile par nombre de réponses
Votre historique - résultats
Vous n’avez pas pris ce quiz depuis la dernière actualisation